[Event "Titled Tue 1st Jul Early"]
[Site "chess.com INT"]
[Date "2025.07.01"]
[Round "6"]
[White "Piesik, Piotr"]
[Black "Svane, Frederik"]
[Result "0-1"]
[WhiteTitle "IM"]
[BlackTitle "GM"]
[WhiteElo "2436"]
[BlackElo "2659"]
[WhiteFideId "1136194"]
[BlackFideId "12923044"]
[EventDate "2025.07.01"]

1. d4 Nf6 2. c4 e6 3. Nc3 d5 4. cxd5 exd5 5. Bg5 Be7 6. e3 h6 7. Bh4 O-O 8. Bd3
c6 9. Qc2 Re8 10. Nge2 a5 11. O-O Na6 12. a3 Nc7 13. Bg3 Ne6 14. Nf4 Ng5 15. f3
Bd6 16. Rae1 b5 17. Nd1 Bb7 18. Nf2 Rc8 19. Qd2 b4 20. a4 c5 21. Bb5 Re7 22.
dxc5 Bxc5 23. N2d3 Bb6 24. Bf2 Bc6 25. Bxc6 Rxc6 26. Rc1 Rxc1 27. Rxc1 Qe8 28.
Nc5 Bxc5 29. Rxc5 Qxa4 30. h4 Ne6 31. Nxd5 Nxc5 32. Nxe7+ Kh7 33. e4 Qd7 34.
Qxd7 Nfxd7 35. Nc6 Nd3 36. Nxa5 Nxb2 37. Nc6 Nd3 38. Nd4 N7c5 39. Kf1 b3 40. Ne2
Na4 0-1

[Event "Titled Tue 1st Jul Early"]
[Site "chess.com INT"]
[Date "2025.07.01"]
[Round "6"]
[White "Ter-Sahakyan, Samvel"]
[Black "Light, Bjarne"]
[Result "1-0"]
[WhiteTitle "GM"]
[BlackTitle "CM"]
[WhiteElo "2611"]
[BlackElo "2227"]
[WhiteFideId "13302531"]
[BlackFideId "1401360"]
[EventDate "2025.07.01"]

1. d4 Nf6 2. c4 e6 3. Nc3 Bb4 4. f3 c5 5. d5 Nh5 6. Nh3 Qh4+ 7. Nf2 Qxc4 8. e4
Bxc3+ 9. bxc3 Qxc3+ 10. Bd2 Qd4 11. Qc1 Qf6 12. g4 exd5 13. gxh5 O-O 14. Rg1
dxe4 15. Bc3 1-0

[Event "Titled Tue 1st Jul Early"]
[Site "chess.com INT"]
[Date "2025.07.01"]
[Round "6"]
[White "Mora Munoz, Alejandro"]
[Black "Germanovs, Georgijs"]
[Result "0-1"]
[WhiteTitle "FM"]
[BlackTitle "CM"]
[WhiteElo "2147"]
[BlackElo "2260"]
[WhiteFideId "4469844"]
[BlackFideId "11609710"]
[EventDate "2025.07.01"]

1. e4 e6 2. d4 d5 3. Nd2 c5 4. exd5 exd5 5. Ngf3 Nc6 6. Bb5 Nf6 7. O-O Bd6 8.
Re1+ Be6 9. dxc5 Bxc5 10. Nb3 Bb6 11. Nbd4 O-O 12. Bxc6 bxc6 13. Nxc6 Qd6 14.
Ncd4 Bg4 15. c3 Ne4 16. g3 Bxd4 17. cxd4 Qf6 18. Kg2 Qf5 19. Re3 Rac8 20. Qe1
Rc2 21. Bd2 Qh5 22. Rd1 Rxb2 23. h4 h6 24. Ra3 Rc8 25. Re3 Rcc2 26. Rc1 Bxf3+
27. Rxf3 Rxd2 28. Rc8+ Kh7 29. Qe3 0-1

[Event "Titled Tue 1st Jul Early"]
[Site "chess.com INT"]
[Date "2025.07.01"]
[Round "6"]
[White "Bacus, Dharim"]
[Black "Caku, Kler"]
[Result "0-1"]
[WhiteTitle "FM"]
[BlackTitle "WFM"]
[WhiteElo "2131"]
[BlackElo "2010"]
[WhiteFideId "5201527"]
[BlackFideId "4704703"]
[EventDate "2025.07.01"]

1. e4 e5 2. Nf3 Nc6 3. Bb5 Nf6 4. d3 d6 5. c3 a6 6. Ba4 b5 7. Bc2 Be7 8. a4 Bd7
9. O-O O-O 10. Nbd2 Na5 11. axb5 axb5 12. b4 Nb7 13. Rb1 c5 14. bxc5 Nxc5 15. d4
exd4 16. cxd4 Na4 17. Qe1 Qa5 18. e5 Ne8 19. Qe4 g6 20. Nb3 Qa7 21. Bd2 Bf5 22.
Qxa8 Qxa8 23. Bxf5 gxf5 24. Na5 dxe5 25. Nxe5 b4 26. Nd7 Qxa5 27. Nxf8 Bxf8 28.
Ra1 Nf6 29. Rfb1 Ne4 30. Bf4 Nec3 31. Rb3 Qd5 0-1

[Event "Titled Tue 1st Jul Early"]
[Site "chess.com INT"]
[Date "2025.07.01"]
[Round "6"]
[White "Bortnyk, Olexandr"]
[Black "Moroni, Luca Jr"]
[Result "1-0"]
[WhiteTitle "GM"]
[BlackTitle "GM"]
[WhiteElo "2601"]
[BlackElo "2549"]
[WhiteFideId "14120828"]
[BlackFideId "865834"]
[EventDate "2025.07.01"]

1. e4 c5 2. Nf3 Nc6 3. c3 Nf6 4. e5 Nd5 5. d4 cxd4 6. cxd4 d6 7. Bc4 Nb6 8. Bb5
dxe5 9. Nxe5 Bd7 10. Nxd7 Qxd7 11. Nc3 e6 12. O-O Be7 13. Qg4 Bf6 14. d5 Nxd5
15. Rd1 O-O-O 16. Bf4 h5 17. Qf3 Bxc3 18. bxc3 Qe7 19. Bxc6 Nxf4 20. Rdb1 Qg5
21. Bxb7+ Kd7 22. g3 Ke7 23. Qxf4 1-0

[Event "Titled Tue 1st Jul Early"]
[Site "chess.com INT"]
[Date "2025.07.01"]
[Round "6"]
[White "Brancaleoni, Maurizio"]
[Black "Lisenkov, Svyatoslav"]
[Result "0-1"]
[WhiteTitle "FM"]
[BlackTitle "CM"]
[WhiteElo "2185"]
[BlackElo "2283"]
[WhiteFideId "803022"]
[BlackFideId "34264183"]
[EventDate "2025.07.01"]

1. Nf3 Nf6 2. c4 g6 3. b3 Bg7 4. Bb2 O-O 5. g3 b6 6. Bg2 Bb7 7. O-O d6 8. d4
Nbd7 9. Qc2 e6 10. Nc3 c5 11. Rad1 cxd4 12. Nxd4 Bxg2 13. Kxg2 a6 14. Nf3 Qb8
15. Qd2 b5 16. cxb5 d5 17. bxa6 Rxa6 18. Na4 Ne4 19. Qd3 Ndc5 20. Nxc5 Nxc5 21.
Qb1 f6 22. Nd2 Qa8 23. a4 Rb8 24. Qc2 Rc6 25. b4 Nxa4 26. Qxc6 Qxc6 0-1

[Event "Titled Tue 1st Jul Early"]
[Site "chess.com INT"]
[Date "2025.07.01"]
[Round "6"]
[White "Deng, Henry"]
[Black "Kocharin, Timur"]
[Result "1-0"]
[WhiteTitle "FM"]
[BlackTitle "FM"]
[WhiteElo "2293"]
[BlackElo "2302"]
[WhiteFideId "30965454"]
[BlackFideId "16240936"]
[EventDate "2025.07.01"]

1. Nf3 d5 2. b3 Nf6 3. Bb2 Bg4 4. e3 e6 5. h3 Bh5 6. g3 c5 7. Bg2 Nc6 8. O-O Bd6
9. d4 O-O 10. dxc5 Bxc5 11. Qe2 Bg6 12. Rd1 Qe7 13. c4 dxc4 14. Qxc4 Rfd8 15.
Nc3 Rac8 16. Rac1 a6 17. Qe2 Ba3 18. Nh4 Bh5 19. g4 Bg6 20. Nxg6 hxg6 21. Na4
Bxb2 22. Qxb2 Rxd1+ 23. Rxd1 Rd8 24. Rxd8+ Qxd8 25. Nc5 Qb6 26. Qc3 Nd5 27. Qc1
Ndb4 28. a3 Nd5 29. b4 a5 30. bxa5 Nxa5 31. Nd7 Qd8 32. Ne5 g5 33. Qc5 b6 34.
Qb5 Nb7 35. Nc6 Qc7 36. Bxd5 exd5 37. Qxd5 Nd6 38. Ne5 Kf8 39. Nf3 f6 40. Nd4
Qc1+ 41. Kg2 Nf7 42. Ne6+ Ke7 43. Nxg7 Qc5 44. Nf5+ Ke8 45. Qa8+ Kd7 46. Qb7+
Ke8 47. Ng7+ Kf8 48. Ne6+ Ke8 49. Nxc5 1-0

[Event "Titled Tue 1st Jul Early"]
[Site "chess.com INT"]
[Date "2025.07.01"]
[Round "6"]
[White "Uritsky, Yonathan"]
[Black "Garde, Guillaume"]
[Result "1-0"]
[WhiteTitle "FM"]
[BlackTitle "CM"]
[WhiteElo "2368"]
[BlackElo "2196"]
[WhiteFideId "2825651"]
[BlackFideId "45138273"]
[EventDate "2025.07.01"]

1. Nf3 d5 2. e3 Nc6 3. c4 d4 4. exd4 Nxd4 5. Nxd4 Qxd4 6. d3 g6 7. Nc3 Nh6 8.
Be3 Qd8 9. Be2 Nf5 10. O-O Bg7 11. Bf3 c6 12. Qd2 O-O 13. Rfe1 Nxe3 14. fxe3 Bf5
15. d4 e5 16. d5 Re8 17. e4 Bd7 18. Rad1 Qb6+ 19. Qf2 Qxf2+ 20. Kxf2 f5 21. Kg1
f4 22. h3 g5 23. Bg4 Bxg4 24. hxg4 Red8 25. c5 Kf7 26. Kf2 Bf8 27. d6 Ke6 28. b4
a6 29. Rh1 Rd7 30. Rh5 h6 31. Rdh1 a5 32. b5 cxb5 33. Nd5 Rc8 34. Nb6 Rxc5 35.
Rxh6+ Kf7 36. Nxd7 Rc2+ 37. Ke1 Bxh6 38. Rxh6 Rxa2 39. Nxe5+ Kf8 40. d7 Ke7 41.
Rh7+ Ke6 42. d8=Q Kxe5 43. Qd5+ Kf6 44. Qf5# 1-0

[Event "Titled Tue 1st Jul Early"]
[Site "chess.com INT"]
[Date "2025.07.01"]
[Round "6"]
[White "Vihaan Karthikeya N"]
[Black "Vijayakumar, Rishi"]
[Result "1-0"]
[WhiteTitle "CM"]
[BlackTitle "FM"]
[WhiteElo "2179"]
[BlackElo "2333"]
[WhiteFideId "25950673"]
[BlackFideId "2408953"]
[EventDate "2025.07.01"]

1. d4 Nf6 2. c4 e6 3. Nc3 Bb4 4. a3 Bxc3+ 5. bxc3 c5 6. e3 d6 7. Bd3 e5 8. Ne2
O-O 9. O-O e4 10. Bc2 Re8 11. Ng3 Bg4 12. f3 exf3 13. gxf3 Bh3 14. Re1 h5 15. e4
h4 16. Nf1 Nh5 17. f4 g6 18. f5 Kh7 19. fxg6+ fxg6 20. e5 Kg7 21. Qd2 dxe5 22.
Qh6+ Kf7 23. Qxg6+ Ke7 24. Rxe5+ Kd7 25. Bg5 Rg8 26. Bxd8 Rxg6+ 27. Bxg6 Nf4 28.
Bf5+ Bxf5 29. Rxf5 Ne2+ 30. Kf2 Nxc3 31. Re1 Kxd8 32. dxc5 Nd7 33. Rf3 Na4 34.
Rd1 Nxc5 35. Rf8+ Kc7 36. Rxa8 1-0

[Event "Titled Tue 1st Jul Early"]
[Site "chess.com INT"]
[Date "2025.07.01"]
[Round "6"]
[White "Ishvi, Aggarwal"]
[Black "Boyer, Mahel"]
[Result "0-1"]
[WhiteTitle "WCM"]
[BlackTitle "GM"]
[WhiteElo "1954"]
[BlackElo "2542"]
[WhiteFideId "25728890"]
[BlackFideId "45102422"]
[EventDate "2025.07.01"]

1. d4 c6 2. c4 d5 3. Nf3 Bf5 4. Nc3 e6 5. g3 Be7 6. Bg2 Nd7 7. Qb3 Qb6 8. c5
Qxb3 9. axb3 a6 10. b4 Rc8 11. O-O Ngf6 12. Bf4 O-O 13. Nh4 Bg4 14. h3 Bh5 15.
Nf3 h6 16. Rfe1 Bd8 17. Bd6 Re8 18. Nd2 e5 19. e3 Bc7 20. Bxc7 Rxc7 21. Nb3 g5
22. e4 dxe4 23. Nxe4 exd4 24. Nxd4 Bg6 25. Nd6 Re5 26. f4 gxf4 27. gxf4 Rxe1+
28. Rxe1 a5 29. f5 Bh5 30. bxa5 Nxc5 31. Ne8 Nxe8 32. Rxe8+ Kg7 33. Kf1 Rd7 34.
Nf3 Kf6 35. Rb8 Kxf5 36. b4 Na6 37. Rf8 Nxb4 0-1

[Event "Titled Tue 1st Jul Early"]
[Site "chess.com INT"]
[Date "2025.07.01"]
[Round "6"]
[White "Exposito Milan, Adrian"]
[Black "Levitan, Caleb Levi"]
[Result "0-1"]
[WhiteTitle "FM"]
[BlackTitle "FM"]
[WhiteElo "2179"]
[BlackElo "2399"]
[WhiteFideId "24556645"]
[BlackFideId "14332620"]
[EventDate "2025.07.01"]

1. c4 e6 2. g3 d5 3. Nf3 Nf6 4. Bg2 dxc4 5. Qa4+ Bd7 6. Qxc4 c5 7. O-O Bc6 8. a4
Nbd7 9. Qc2 Be7 10. Nc3 O-O 11. d3 Rc8 12. e4 Ng4 13. h3 Nge5 14. Be3 Nxf3+ 15.
Bxf3 Ne5 16. Be2 b6 17. f4 Ng6 18. Rad1 Bf6 19. e5 Be7 20. Bf3 Bxf3 21. Rxf3 Qc7
22. Rf2 Rfd8 23. h4 Bf8 24. Ne4 Ne7 25. Rfd2 Nf5 26. Bf2 Rd5 27. Nc3 Rd7 28. Nb5
Qc6 29. d4 a6 30. Nc3 cxd4 31. Bxd4 Nxd4 32. Rxd4 Rxd4 33. Rxd4 Bc5 0-1

[Event "Titled Tue 1st Jul Early"]
[Site "chess.com INT"]
[Date "2025.07.01"]
[Round "6"]
[White "Aalto, Patrik"]
[Black "Lacasa Diaz, Josep Anton"]
[Result "1-0"]
[WhiteTitle "FM"]
[BlackTitle "IM"]
[WhiteElo "2316"]
[BlackElo "2315"]
[WhiteFideId "510726"]
[BlackFideId "2203375"]
[EventDate "2025.07.01"]

1. c4 e6 2. Nf3 d5 3. g3 c5 4. cxd5 exd5 5. d4 Nf6 6. Bg2 Be7 7. dxc5 Bxc5 8.
O-O O-O 9. a3 Nc6 10. b4 Bb6 11. Bb2 Re8 12. Nbd2 Bg4 13. h3 Bh5 14. Nb3 Ne4 15.
Nbd4 Qd7 16. g4 Bg6 17. Rc1 Rad8 18. e3 h5 19. Nxc6 bxc6 20. Ne5 Rxe5 21. Bxe5
Nxf2 22. Kxf2 Qe7 23. Bd4 Be4 24. Kg1 Bxg2 25. Kxg2 Qe4+ 26. Qf3 Qg6 27. Qf5 Qe6
28. Qxe6 fxe6 29. Bxb6 axb6 30. Rxc6 e5 31. Rxb6 d4 32. exd4 exd4 33. Rd1 d3 34.
Rd2 hxg4 35. hxg4 Rd4 36. Kf3 Kf7 37. Ke3 Rxg4 38. Rxd3 Rg3+ 39. Kd4 Rg4+ 40.
Kc5 Rg1 41. Rf3+ Kg8 42. Rb7 g5 43. Rd3 Rc1+ 44. Kb6 Rc8 45. Rdd7 g4 46. Rg7+
Kh8 47. Rh7+ Kg8 48. Rbg7+ Kf8 49. Rh8+ Kxg7 50. Rxc8 g3 51. Rc3 g2 52. Rg3+ Kh7
53. Rxg2 Kh6 54. a4 Kh7 55. a5 Kh6 56. a6 Kh7 57. a7 Kh6 58. a8=Q Kh7 59. Qg8+
Kh6 60. Qh8# 1-0

[Event "Titled Tue 1st Jul Early"]
[Site "chess.com INT"]
[Date "2025.07.01"]
[Round "6"]
[White "Kislinsky, Alexey"]
[Black "Tyukhanov, Alexey"]
[Result "1-0"]
[WhiteTitle "GM"]
[BlackTitle "CM"]
[WhiteElo "2341"]
[BlackElo "2218"]
[WhiteFideId "14108801"]
[BlackFideId "24149829"]
[EventDate "2025.07.01"]

1. e4 c6 2. d4 d5 3. e5 c5 4. Nf3 Nc6 5. dxc5 Bg4 6. Bf4 e6 7. Nbd2 Bxc5 8. Be2
Nge7 9. Bg3 O-O 10. h3 Bh5 11. O-O a6 12. a3 Rc8 13. c3 b5 14. Re1 Nf5 15. Bh2
Qb6 16. Rf1 Bg6 17. Nb3 a5 18. Nxc5 Qxc5 19. Rc1 Rfd8 20. Bd3 Qb6 21. Qe2 b4 22.
cxb4 axb4 23. a4 Qa5 24. b3 Ncd4 25. Nxd4 Nxd4 26. Qe3 Rxc1 27. Rxc1 Nxb3 28.
Rb1 Bxd3 29. Qxd3 Nc5 30. Qd4 Nxa4 31. Rxb4 Nc3 32. Qxc3 d4 33. Qb2 d3 34. Bf4 1-0

[Event "Titled Tue 1st Jul Early"]
[Site "chess.com INT"]
[Date "2025.07.01"]
[Round "6"]
[White "Vagman, Roy"]
[Black "Rees, Ioan"]
[Result "0-1"]
[WhiteTitle "FM"]
[BlackTitle "FM"]
[WhiteElo "2403"]
[BlackElo "2280"]
[WhiteFideId "2828995"]
[BlackFideId "1801236"]
[EventDate "2025.07.01"]

1. e4 e5 2. Nf3 Nc6 3. Nc3 Nf6 4. Bb5 Bd6 5. O-O O-O 6. d3 Ne7 7. Ne2 Ng6 8. Ng3
c6 9. Ba4 Bc7 10. c3 d5 11. Re1 h6 12. Qe2 Re8 13. Bc2 Nf4 14. Qf1 Bg4 15. Nd2
Bb6 16. Nb3 a5 17. a4 dxe4 18. dxe4 Be6 19. Be3 Ng4 20. Bxb6 Qxb6 21. h3 Bxb3
22. Bxb3 Qxb3 23. hxg4 Qxb2 24. Rab1 Qxc3 25. Rxb7 Rab8 26. Rxb8 Rxb8 27. Rc1
Qa3 28. Rxc6 Qxa4 29. Rc7 Qa2 30. Kh2 Rb2 31. Nh1 Qe6 32. Kg3 Ne2+ 33. Kh3 h5
34. f3 Nf4+ 35. Kh4 hxg4 0-1

[Event "Titled Tue 1st Jul Early"]
[Site "chess.com INT"]
[Date "2025.07.01"]
[Round "6"]
[White "Roebers, Jan"]
[Black "Vu Quang Quyen"]
[Result "1-0"]
[WhiteTitle "FM"]
[BlackTitle "CM"]
[WhiteElo "2030"]
[BlackElo "2026"]
[WhiteFideId "1007815"]
[BlackFideId "12402168"]
[EventDate "2025.07.01"]

1. e4 c5 2. d4 cxd4 3. c3 d3 4. Bxd3 Nc6 5. c4 g6 6. Nc3 Bg7 7. Nge2 Nf6 8. O-O
O-O 9. h3 d6 10. Be3 b6 11. Qd2 Re8 12. f4 Bb7 13. Rad1 Qc8 14. Nd5 e6 15. Nxf6+
Bxf6 16. f5 Be5 17. fxg6 hxg6 18. Nf4 Nb4 19. Bb1 Qxc4 20. Qf2 Rac8 21. Nd3 Re7
22. Nxe5 dxe5 23. Bg5 Qc7 24. Qh4 Nc6 25. Bf6 1-0

[Event "Titled Tue 1st Jul Early"]
[Site "chess.com INT"]
[Date "2025.07.01"]
[Round "6"]
[White "Waldhausen Gordon, Frederick"]
[Black "Bashirli, Saadat"]
[Result "1-0"]
[WhiteTitle "FM"]
[BlackTitle "WCM"]
[WhiteElo "2395"]
[BlackElo "2005"]
[WhiteFideId "2409143"]
[BlackFideId "13429990"]
[EventDate "2025.07.01"]

1. d4 d5 2. Nf3 Nf6 3. Bf4 Bf5 4. c4 c6 5. Qb3 Qb6 6. c5 Qxb3 7. axb3 Na6 8. e3
Nb4 9. Na3 a5 10. Ne5 e6 11. f3 h6 12. g4 Bc2 13. Kd2 Bh7 14. h4 Nd7 15. Nd3
Bxd3 16. Bxd3 e5 17. Bg3 Be7 18. Bf5 f6 19. Nc2 Nxc2 20. Kxc2 Kd8 21. b4 a4 22.
Ra3 exd4 23. exd4 b5 24. Re1 Nf8 25. h5 Nd7 26. Rae3 Re8 27. Bg6 a3 28. bxa3 Ne5
29. dxe5 Rf8 30. exf6 Bxf6 31. Re8+ Kd7 32. Bf5# 1-0

[Event "Titled Tue 1st Jul Early"]
[Site "chess.com INT"]
[Date "2025.07.01"]
[Round "6"]
[White "Punin, Andrii"]
[Black "Zong, Davis"]
[Result "1-0"]
[WhiteTitle "FM"]
[BlackTitle "FM"]
[WhiteElo "2289"]
[BlackElo "2242"]
[WhiteFideId "14112639"]
[BlackFideId "30903955"]
[EventDate "2025.07.01"]

1. e4 e5 2. Nf3 Nc6 3. d4 exd4 4. Bc4 Bc5 5. c3 Nf6 6. cxd4 Bb4+ 7. Nbd2 Bxd2+
8. Bxd2 Nxe4 9. d5 Nxd2 10. Qxd2 Ne7 11. O-O-O d6 12. h4 O-O 13. h5 h6 14. Rdg1
Bg4 15. Rh4 Bxf3 16. gxf3 Nf5 17. Rhg4 Qf6 18. Bd3 Ne7 19. Kb1 Kh8 20. Rxg7 Qxg7
21. Rxg7 Kxg7 22. Qc3+ Kg8 23. Qxc7 Rfe8 24. Qxd6 Kg7 25. Qg3+ Kf6 26. Qf4+ Kg7
27. Qe4 f5 28. Qe5+ Kf7 29. Qe6+ Kg7 30. d6 Nc6 31. Qg6+ Kh8 32. Qxh6+ Kg8 33.
Bc4+ Re6 34. Bxe6# 1-0

[Event "Titled Tue 1st Jul Early"]
[Site "chess.com INT"]
[Date "2025.07.01"]
[Round "6"]
[White "Guliev, Gasan"]
[Black "Magana Morales, Roberto"]
[Result "1-0"]
[WhiteTitle "CM"]
[WhiteElo "2123"]
[BlackElo "1952"]
[WhiteFideId "34165638"]
[BlackFideId "5114454"]
[EventDate "2025.07.01"]

1. e4 c6 2. Nc3 d5 3. d3 dxe4 4. dxe4 Qxd1+ 5. Kxd1 e5 6. Bc4 Be7 7. Be3 Nf6 8.
f3 O-O 9. a3 Rd8+ 10. Ke1 Nbd7 11. Nge2 Nf8 12. Kf2 Be6 13. Bxe6 Nxe6 14. Rhd1
Kf8 15. b4 Ke8 16. g3 Rxd1 17. Rxd1 a5 18. Rb1 axb4 19. axb4 b5 20. h4 h5 21.
Nc1 Ra3 22. Bd2 Nd4 23. Nd3 Nd7 24. Rb2 f6 25. Ne2 Nb6 26. Nxd4 exd4 27. Ke2 Nc4
28. Rb3 Ra2 29. Ne1 Kd7 30. f4 c5 31. bxc5 Kc6 32. Bb4 Bxc5 33. Bxc5 Kxc5 34.
Nd3+ Kc6 35. Nb4+ 1-0

[Event "Titled Tue 1st Jul Early"]
[Site "chess.com INT"]
[Date "2025.07.01"]
[Round "6"]
[White "Sanal, Vahap"]
[Black "Bologan, Victor"]
[Result "1-0"]
[WhiteTitle "GM"]
[BlackTitle "GM"]
[WhiteElo "2550"]
[BlackElo "2601"]
[WhiteFideId "6300545"]
[BlackFideId "13900048"]
[EventDate "2025.07.01"]

1. e4 e5 2. Nf3 Nc6 3. Bc4 Nf6 4. d4 exd4 5. e5 d5 6. Bb5 Ne4 7. Nxd4 Bd7 8.
Bxc6 bxc6 9. O-O Be7 10. Nd2 Nxd2 11. Bxd2 c5 12. Nb3 O-O 13. c3 Rb8 14. Qc2 g6
15. Be3 Ba4 16. Qc1 Bxb3 17. axb3 Rxb3 18. Rxa7 Qb8 19. Ra2 c6 20. Qc2 c4 21. f4
c5 22. Bf2 Rd8 23. Rfa1 d4 24. cxd4 cxd4 25. Qxc4 Rxb2 26. h3 Rxa2 27. Rxa2 d3
28. Rd2 Qb1+ 29. Kh2 Bb4 30. Qc7 Ra8 31. e6 Rf8 32. e7 Re8 33. Qd8 1-0

[Event "Titled Tue 1st Jul Early"]
[Site "chess.com INT"]
[Date "2025.07.01"]
[Round "6"]
[White "Szalay-Ocsak, Bank"]
[Black "Mizzi, Jack"]
[Result "0-1"]
[WhiteTitle "FM"]
[BlackTitle "CM"]
[WhiteElo "2209"]
[BlackElo "2106"]
[WhiteFideId "784923"]
[BlackFideId "5602521"]
[EventDate "2025.07.01"]

1. a3 e5 2. c3 Nf6 3. d4 exd4 4. cxd4 d5 5. Nc3 c6 6. Bf4 Bd6 7. Bxd6 Qxd6 8.
Nf3 Bf5 9. e3 Nbd7 10. Bd3 Bxd3 11. Qxd3 O-O 12. O-O Rfe8 13. b4 Ne4 14. Rfc1
Ndf6 15. Qe2 Nxc3 16. Rxc3 Ne4 17. Rc2 a6 18. Rb1 Re6 19. Nd2 Rh6 20. h3 Ng5 21.
Nf3 Nxh3+ 22. gxh3 Rxh3 23. Kg2 Rh5 24. Rg1 a5 25. Ne5 Rg5+ 26. Kf1 Rxg1+ 27.
Kxg1 axb4 28. axb4 Ra1+ 29. Kg2 Qh6 30. Ra2 Qh1+ 31. Kg3 Rg1+ 32. Kf4 Qe4# 0-1

[Event "Titled Tue 1st Jul Early"]
[Site "chess.com INT"]
[Date "2025.07.01"]
[Round "6"]
[White "Buraczewski, Rafal"]
[Black "Fernandez, Maria Florencia"]
[Result "0-1"]
[WhiteTitle "CM"]
[BlackTitle "WIM"]
[WhiteElo "2135"]
[BlackElo "2163"]
[WhiteFideId "1155245"]
[BlackFideId "116459"]
[EventDate "2025.07.01"]

1. d4 Nf6 2. c4 g6 3. Nc3 Bg7 4. Bg5 O-O 5. e3 d6 6. Nf3 Nc6 7. Rc1 h6 8. Bh4 g5
9. Bg3 Nh5 10. Be2 f5 11. h3 Nxg3 12. fxg3 e5 13. O-O f4 14. gxf4 exf4 15. d5
Ne5 16. exf4 Rxf4 17. Nxe5 Bxe5 18. Rxf4 Bxf4 19. Rc2 Qf6 20. Ne4 Qe5 21. Bd3
Bf5 22. Re2 Qd4+ 23. Kh1 Rf8 24. b3 Be5 25. Re1 Bxe4 26. Bxe4 Qf2 27. Bf3 Rxf3
28. Rxe5 Qf1+ 0-1

[Event "Titled Tue 1st Jul Early"]
[Site "chess.com INT"]
[Date "2025.07.01"]
[Round "6"]
[White "Sarana, Alexey"]
[Black "Jammalamadaka, Vihaan"]
[Result "1-0"]
[WhiteTitle "GM"]
[BlackTitle "CM"]
[WhiteElo "2686"]
[BlackElo "1977"]
[WhiteFideId "24133795"]
[BlackFideId "30977134"]
[EventDate "2025.07.01"]

1. e4 c5 2. Nf3 e6 3. d4 cxd4 4. Nxd4 Nf6 5. Nc3 Nc6 6. Ndb5 Bc5 7. Bf4 O-O 8.
Bc7 Qe7 9. Bd6 Bxd6 10. Qxd6 Qd8 11. Nc7 Rb8 12. O-O-O a6 13. a4 Ne8 14. Nxe8
Rxe8 15. f4 b5 16. axb5 axb5 17. Bxb5 Qb6 18. b3 Ba6 19. Bxc6 dxc6 20. Kb2 h6
21. Na4 Qa5 22. Ra1 Bc4 23. Qc5 Rxb3+ 24. cxb3 Qd2+ 25. Ka3 Bxb3 26. Qb4 Qxf4
27. Qxb3 Rb8 28. Qd3 f5 29. Rab1 Ra8 30. Rhd1 fxe4 31. Qc4 Qe3+ 32. Rb3 Qf2 33.
Qxe6+ Kh8 34. Qxe4 Qf8+ 35. Ka2 Qf2+ 36. Kb1 Qf6 37. Nb2 Qf8 38. Rf3 Qb8 39.
Rfd3 1-0

[Event "Titled Tue 1st Jul Early"]
[Site "chess.com INT"]
[Date "2025.07.01"]
[Round "6"]
[White "Korchynskyi, Mykola"]
[Black "Lopez Rayo, Isabella"]
[Result "1-0"]
[WhiteTitle "FM"]
[BlackTitle "WFM"]
[WhiteElo "2346"]
[BlackElo "1998"]
[WhiteFideId "34138005"]
[BlackFideId "4452755"]
[EventDate "2025.07.01"]

1. d4 d5 2. c4 e6 3. Nc3 Nf6 4. cxd5 exd5 5. Nf3 c6 6. Bg5 Be7 7. e3 O-O 8. Bd3
h6 9. Bh4 Re8 10. Qc2 Ne4 11. Bxe4 Bxh4 12. Bh7+ Kh8 13. Bd3 Bf6 14. O-O Na6 15.
Bxa6 bxa6 16. Na4 Rb8 17. Rac1 Qd6 18. b3 a5 19. Rfe1 Bd7 20. Nc5 Bg4 21. e4
dxe4 22. Nxe4 Qf4 23. Nxf6 Qxf6 24. Ne5 Be6 25. Qxc6 Rbd8 26. Rcd1 Qf4 27. d5
Bc8 28. Ng6+ 1-0

[Event "Titled Tue 1st Jul Early"]
[Site "chess.com INT"]
[Date "2025.07.01"]
[Round "6"]
[White "Yatskar, Martin"]
[Black "Agibileg, Uurtsaikh"]
[Result "0-1"]
[WhiteTitle "CM"]
[BlackTitle "IM"]
[WhiteElo "2225"]
[BlackElo "2380"]
[WhiteFideId "34109676"]
[BlackFideId "4901606"]
[EventDate "2025.07.01"]

1. d4 Nf6 2. c4 g6 3. Nc3 Bg7 4. Nf3 d6 5. g3 O-O 6. Bg2 Nc6 7. d5 Na5 8. b3 c6
9. Bb2 b5 10. cxb5 Nxd5 11. Na4 Bxb2 12. Nxb2 Nc3 13. Qd2 Nxb5 14. O-O Bd7 15.
b4 Nb7 16. a4 Nc7 17. Nd4 d5 18. Rfc1 Qe8 19. b5 c5 20. Nb3 c4 21. Bxd5 Nxd5 22.
Qxd5 cxb3 23. Qxb7 Rb8 24. Qxa7 Bh3 25. Rc3 Qd8 26. Rd1 Qe8 27. Rxb3 Rc8 28. b6
Qc6 29. e4 Qxe4 30. f3 Qe2 0-1

[Event "Titled Tue 1st Jul Early"]
[Site "chess.com INT"]
[Date "2025.07.01"]
[Round "6"]
[White "Birkisson, Bjorn Holm"]
[Black "Liashkevich, Lizaveta"]
[Result "0-1"]
[WhiteTitle "CM"]
[BlackTitle "WFM"]
[WhiteElo "2159"]
[BlackElo "2204"]
[WhiteFideId "2310600"]
[BlackFideId "13518658"]
[EventDate "2025.07.01"]

1. e4 e5 2. Nf3 Nc6 3. Bc4 Bc5 4. c3 Nf6 5. d3 O-O 6. O-O d6 7. b4 Bb6 8. a4 a6
9. h3 Ne7 10. Re1 Ng6 11. Bb3 a5 12. b5 c6 13. d4 d5 14. dxe5 Nxe4 15. Be3 Nf4
16. Bxb6 Qxb6 17. Qd4 Qxd4 18. cxd4 Bf5 19. Nbd2 cxb5 20. axb5 Nc3 21. Kh2 a4
22. Bd1 Rfc8 23. b6 Rc6 24. Re3 Nxd1 25. Rxd1 Rxb6 26. g3 Nxh3 27. Nh4 Nxf2 28.
Rf1 Ng4+ 29. Kg1 Nxe3 30. Re1 Nc2 0-1

[Event "Titled Tue 1st Jul Early"]
[Site "chess.com INT"]
[Date "2025.07.01"]
[Round "6"]
[White "Sobek, Jaroslav"]
[Black "Le, Minh Tu"]
[Result "1-0"]
[WhiteTitle "FM"]
[BlackTitle "FM"]
[WhiteElo "2195"]
[BlackElo "1932"]
[WhiteFideId "301388"]
[BlackFideId "12404888"]
[EventDate "2025.07.01"]

1. d4 d5 2. c4 dxc4 3. Nf3 Nf6 4. e3 a6 5. Bxc4 b5 6. Bd3 Bb7 7. O-O e6 8. Nbd2
Be7 9. Qe2 O-O 10. e4 Nbd7 11. e5 Nd5 12. Ne4 c5 13. Neg5 g6 14. h4 cxd4 15. h5
Nc5 16. hxg6 hxg6 17. Rd1 Nb4 18. Bb1 d3 19. Qe3 Qd5 20. Qf4 Qc4 21. Qh2 Rfc8
22. Qh7+ 1-0